L'indispensable accélération de la justice civile

Spremljeno u:
Bibliografski detalji
Glavni autor: Julian, Pierre (Autor)
Format: Knjiga
Jezik:španjolski
Izdano: París Librairie du Recueil Sirey 1958
Serija:Annales de l'Université de Lyon, 18
Teme:
Oznake: Dodaj oznaku
Bez oznaka, Budi prvi tko označuje ovaj zapis!

MARC

LEADER 00000nam a2200000 a 4500
001 UCS0760
003 CL-VaPUC
008 970426e19580000FR |||||||||||||||||spa|d
082 0 4 |a 347  |b JUL  |2 21 
100 0 |a Julian, Pierre  |e author  |9 384614 
245 1 2 |a L'indispensable accélération de la justice civile 
300 |a 220 p 
942 |c BK 
945 |d 19970426 00:00:00  |a lriquelm 
260 |a París  |b Librairie du Recueil Sirey  |c 1958 
650 0 |a Códigos  |9 352314 
650 0 |a Procedimiento civil  |9 254870 
650 0 |a Administración de justicia  |9 382749 
651 0 |a Francia  |9 255157 
583 |a last modification  |c 19970426 00:00:00  |k Rodrigo Vera 
490 0 |a Annales de l'Université de Lyon, 18 
999 |c 258975  |d 258973 
952 |0 0  |1 0  |4 0  |6 347_000000000000000_JUL_1958  |7 0  |8 A  |9 283426  |a BIBDER  |b BIBDER  |d 2019-11-19  |i 1835963  |o 347 JUL 1958  |p 1835963  |r 2023-01-25  |w 2019-11-19  |y BK  |k DER